| 000 | 00593nam a22002057a 4500 | ||
|---|---|---|---|
| 005 | 20221119105345.0 | ||
| 008 | 160118b xxu||||| |||| 00| 0 eng d | ||
| 040 | _aLoreto College | ||
| 041 | _aEnglish | ||
| 082 |
_a954.03 _bMUK |
||
| 100 | _aMukherjee, Ramkrishna | ||
| 245 |
_aThe Rise and Fall of the East India Company _bA Sociological Appraisal |
||
| 250 | _a2nd. ed. | ||
| 260 |
_aBerlin _bVeb Deu Tscher Verlag Der Wissenschaften _c1958 |
||
| 300 | _axii-xviii, 445 p. | ||
| 500 | _aNotes and reference, Index. | ||
| 650 | _aSouth Asia India | ||
| 850 | _aLCLIB | ||
| 942 | _cBK | ||
| 999 |
_c40312 _d90791 |
||